000 00470nam a2200181Ia 4500
001 21292
003 GE_BSU
008 181216s||||||||xx |||||||||||||| ||und||
040 _cGE_BSU
245 _aParis Match, du 24 au au 30 Aout №3562. 2017
260 _aParis
260 _c2017
300 _a106p. 29cm. ill.
653 _aParis Match, du 24 au au 30 Aout №3562. 2017
653 _aПериодика
653 _aპერიოდიკა
942 _cCR
999 _c54236
_d54236